000 00563nam a2200229Ia 4500
003 OSt
005 20221006151715.0
006 a|||||r|||| 00| 0
007 ta
008 221006b |||||||| |||| 00| 0 eng d
020 _c
_7.95
024 _a23,073
037 _cTextual
040 _aEASL
_cEASL
_beng
041 _2eng
_aeng
100 _aCOPPER John F
_9650671
245 0 _aChina's global role
260 _aCalifornia
_bHoover Institution
_c1980
300 _a182p.
_ccm.
942 _cTEXL
_2CC
999 _c1091159
_d1091159